Analýza vybraných problémů informačního systému vnitřního obchodu z hlediska vazeb na výrobu

Gespeichert in:
Bibliographische Detailangaben
1. Verfasser: Blagonravová, Zina
Weitere Verfasser: Moravová, Jiřina, Sklenářová, Zdeňka
Format: Buch
Sprache:Tschechisch
Veröffentlicht: Praha Výzkumný ústav sociálně ekonomických informací 1982
Schriftenreihe:Studijní materiál č. 140
Tags: Tag hinzufügen
Keine Tags, Fügen Sie das erste Tag hinzu!

MARC

LEADER 00000nam a2200000 4500
001 c136457
005 20210819122707.9
041 0 |a cze 
044 |a CZ 
245 1 0 |a Analýza vybraných problémů informačního systému vnitřního obchodu z hlediska vazeb na výrobu  |c Zina Blagonravová, Jiřina Moravová, Zdeňka Sklenářová 
264 1 |a Praha  |b Výzkumný ústav sociálně ekonomických informací  |c 1982 
300 |a 54 s. 
490 1 |a Studijní materiál  |v č. 140 
830 0 |a Studijní materiál  |v č. 140 
100 1 |a Blagonravová, Zina 
700 1 |a Moravová, Jiřina 
700 1 |a Sklenářová, Zdeňka